000 01248nam a22002657a 4500
999 _c20854
_d20854
005 20200212144137.0
008 200212b xxu||||| |||| 00| 0 spa d
020 _a9789588863191
040 _aCO-BoIAVH
_cCO-BoIAVH
041 _aspa
044 _ack
082 _a333.7071
_bA26s
110 _aANH, Agencia Nacional de Hidrocarburos
245 _aSiete lecciones aprendidas para una inversión social exitosa en el sector de hidrocarburos
_cAgencia Nacional de Hidrocarburos-ANH y Programa de las Naciones Unidas para el Desarrollo-PNUD
260 _aColombia:
_bMinisterio de minas y energía,
_c2014.
300 _a82 páginas,
_bFotografías a color,
_c22.5 x 22.4 cm
500 _aProyecto: Fortalecimiento de las capacidades institucionales de la Agencia Nacional de Hidrocarburos para la planificación, seguimiento y evaluación de los PBC implementados por el sector de hidrocarburos.
504 _aReferencias bibliográficas (página 82)
650 0 _aHidrocarburos
_x Manejo.
650 0 _aCompromiso social
650 0 _aEducación ambiental
650 0 _aConservación y protección
710 _aPrograma de las Naciones Unidas para el Desarrollo (PNUD)
942 _2ddc
_cLIBRO